Comunicación presentada a la reunión sobre "Protección de monumentos de interés tecnológico durante el periodo de modernización de la industria" (Record no. 182304)

MARC details
000 -LEADER
campo de control de longitud fija 00674nam a2200169 i 4500
001 - NÚMERO DE CONTROL
campo de control 182304
003 - IDENTIFICADOR DE NÚMERO DE CONTROL
campo de control ES-MaACL
005 - FECHA Y HORA DE LA ÚLTIMA TRANSACCIÓN
campo de control 20230906221558.0
008 - DATOS DE LONGITUD FIJA--INFORMACIÓN GENERAL
campo de control de longitud fija 130801s1987 sp |||| | spa d
100 0# - ENTRADA PRINCIPAL--NOMBRE DE PERSONA
Nombre de persona García-Diego, José A.
9 (RLIN) 54541
245 10 - MENCIÓN DEL TÍTULO
Título Comunicación presentada a la reunión sobre "Protección de monumentos de interés tecnológico durante el periodo de modernización de la industria"
Resto del título : Varsovia, 30-31 de marzo 1987 /
Mención de responsabilidad, etc. José Antonio García-Diego.
260 ## - PUBLICACIÓN, DISTRIBUCIÓN, ETC.
Lugar de publicación, distribución, etc. [S.l. :
Nombre del editor, distribuidor, etc. s.n.,
Fecha de publicación, distribución, etc. 1987?]
300 ## - DESCRIPCIÓN FÍSICA
Extensión [8] p. ;
Dimensiones 20 cm.
546 ## - NOTA DE IDIOMA
Nota de lengua/lenguaje Texto en castellano y polaco.
650 #4 - PUNTO DE ACCESO ADICIONAL DE MATERIA--TÉRMINO DE MATERIA
Término de materia o nombre geográfico como elemento de entrada Arqueología industrial-
Subdivisión geográfica España.
9 (RLIN) 153135
852 ## - LOCALIZACIÓN
Ubicación ES-MaACL
Número de control de estantería 2317-F-6
Holdings
Estatus retirado Estado de pérdida Estado de daño No para préstamo Colección Biblioteca de origen Biblioteca actual Ubicación en estantería Fecha de adquisición Fuente de adquisición Total de préstamos Signatura topográfica completa Código de barras Visto por última vez Precio de reemplazo Tipo de ítem Koha
        Colección de folletos Biblioteca del Ateneo de Madrid Biblioteca del Ateneo de Madrid Depósito folletos 01/08/2013     2317-F-6 1191580 23/02/2023 23/02/2023 Folleto